000 01224nam0a2200301 i 4500
001 RU\NLR\bibl\2010856
005 20260406020350.0
010 _a9785852294418
_9101
021 _aRU
_b2013-11547
_9833
035 _a(NLR Aleph) 001999406
090 _a4337631
_c4337631
100 _a20130313d2012 u y0rusy50 ca
101 0 _arus
102 _aRU
105 _aac |||||||||
200 1 _aБагира
_e[стихотворения]
_fБагира
210 _aИваново
_cИваново
_d2012
215 _a55 с.
_cил., цв. ил., портр.
_d28
300 _aВ вып. дан. и на 4-й с. обл. авт.: Ягодкина Светлана Геннадьевна
327 1 _aСодерж.: разделы: Нефертити; Я с ветрами сольюсь; Принцесса Инда; Камень - это рыба; Моя лоза; Любовь - от вечности - ларец
686 _aШ6(2=Р)8-5
700 1 _4070
_7ca
_8rus
_aЯгодкина
_bС. Г.
_gСветлана Геннадьевна
_9104783
_3RU\NLR\auth\77121858
801 0 _aRU
_bNLR
_c20130313
_gRCR
801 1 _aRU
_bNLR
_c20130313
942 _cBOOK
980 _aNBR